00477nam a2200169Ia 4500003000400000008004100004040001600045082001300061100002100074245005700095260003700152300002100189650003100210650002100241650003500262650001000297GCL140319s9999 xx 000 0 eng d aGCL / cGCL04a420bP T1 aPYLE, MICHAEL A.10aTOEFL CBT : bPREPARATION GUIDE / cPYLE, MICHAEL A. aالهند : bWILEY LISS ، c0 a28 CM ؛ c427 P04aENGLISH LANGUAGE - GRAMMAR04aENGLISH LANGUAGE04aENGLISH LANGUAGE - STUDY GUIDE04aTOEFL